000 00234 a2200097 4500
001 53001
100 _aLindberg R A
245 _aProcesses and Materials of Manufactures
260 _aLondon
_bAllyn & Bacon
_c
090 _c33322
_d33322
942 _aNUST-CAE
_cM
_c25917
999 _c288074
_d288074